| 000 | 00969nam a2200253Ia 4500 | ||
|---|---|---|---|
| 003 | GCL | ||
| 008 | 140319s9999 xx 000 0 ara d | ||
| 040 |
_aGCL / _cGCL |
||
| 082 | 0 | 4 |
_aق _b38.050962 _bف ت |
| 100 | 1 | _aفاطمة علم الدين عبدالواحد | |
| 245 | 1 | 0 |
_aتطور النقل والمواصلات الداخلية فى مصر فى عهد الاحتلال البريطانى 1882-1914 / _cفاطمة علم الدين عبدالواحد |
| 260 |
_a[S.N] : _bالهيئة المصرية العامة للكتاب ، _c1989 |
||
| 300 | _a187 ص | ||
| 490 |
_aمصر النهضة _v0 |
||
| 650 | 0 | 4 | _aالعصر الحديث |
| 650 | 0 | 4 | _aمصر |
| 650 | 0 | 4 | _aتاريخ |
| 650 | 0 | 4 | _aمركز وثائق وتاريخ مصر المعاصر |
| 650 | 0 | 4 | _aالمواصلات |
| 650 | 0 | 4 | _aالاستعمار البريطانى (1882-1956) |
| 650 | 0 | 4 | _aالنقل البرى |
| 650 | 0 | 4 | _aالسكك الحديدية |
| 942 |
_2ddc _cBK |
||
| 999 |
_c52437 _d52437 |
||